000 00266nam a2200097Ia 4500
001 652162
005 20250826154433.0
008 250824s9999 xx 000 0 und d
245 0 _aAdli Araştırmalar Doğa Anlatıyor
_cLeela Burnscott
260 _bTÜBİTAK YAYINLARI
999 _c652162
_d652162